[Event "HUN-chT2 Barcza 1718"]
[Site "Hungary"]
[Date "2017.10.29"]
[Round "3"]
[White "Szabo, Istvan1111"]
[Black "Toth, Levente"]
[Result "0-1"]
[WhiteElo "1887"]
[BlackElo "2004"]
[PlyCount "42"]
[EventDate "2017.09.24"]
[EventType "team-tourn"]
[EventRounds "11"]
[EventCountry "HUN"]
[SourceTitle "EXT 2021"]
[Source "ChessBase"]
[SourceDate "2020.10.23"]
[SourceVersion "1"]
[SourceVersionDate "2020.10.23"]
[SourceQuality "1"]
[WhiteTeam "Hajduszoboszlo"]
[BlackTeam "Edeleny"]
[WhiteTeamCountry "HUN"]
[BlackTeamCountry "HUN"]

1. c4 Nf6 2. Nc3 c5 3. g3 g6 4. Bg2 Bg7 5. Nf3 Nc6 6. 0-0 0-0 7. d3 d5 8. cxd5 Nxd5 9. Bd2 Nc7 10. Qc1 Re8 11. Re1 e5 12. Na4 b6 13. Nxe5 Nxe5 14. Bxa8 Nxa8 15. Bg5 Qd7 16. Nc3 Bb7 17. Qf4 h6 18. Bf6 g5 19. Bxg5 hxg5 20. Qxg5 Re6 21. Qf5 Nf3+ 0-1

[Event "HUN-chT2 Erkel 1314"]
[Site "Hungary"]
[Date "2014.02.16"]
[Round "7.6"]
[White "Toth, Levente"]
[Black "Gorcsi, Gabor"]
[Result "0-1"]
[WhiteElo "2050"]
[BlackElo "1938"]
[PlyCount "88"]
[EventDate "2013.09.08"]
[EventType "team-tourn"]
[EventRounds "11"]
[EventCountry "HUN"]
[SourceTitle "EXT 2016"]
[Source "ChessBase"]
[SourceDate "2015.10.08"]
[SourceVersion "1"]
[SourceVersionDate "2015.10.08"]
[SourceQuality "1"]
[WhiteTeam "Gyongyos Matra"]
[BlackTeam "Paszto"]
[WhiteTeamCountry "HUN"]
[BlackTeamCountry "HUN"]

1. e4 c5 2. c3 Nf6 3. e5 Nd5 4. d4 cxd4 5. Nf3 Nc6 6. cxd4 d6 7. Bc4 Nb6 8. Bb5 dxe5 9. Nxe5 Bd7 10. Nxd7 Qxd7 11. Nc3 e6 12. 0-0 Be7 13. Qg4 Bf6 14. Rd1 h5 15. Qe2 Nd5 16. Ne4 Be7 17. Nc5 Bxc5 18. dxc5 0-0-0 19. Bd2 g5 20. b4 Kb8 21. a4 g4 22. Qc4 Rc8 23. Bf4+ Ka8 24. Bd6 Rhg8 25. Qb3 g3 26. hxg3 Rg4 27. Bxc6 bxc6 28. b5 Rb4 29. Qa3 cxb5 30. axb5 Rxb5 31. Rd4 Rb7 32. Rc4 Qb5 33. Ra4 Qd7 34. Rh4 Nf6 35. Ra4 Rc6 36. Ra6 Ne4 37. Rxc6 Qxc6 38. Re1 Rd7 39. Qf3 f5 40. Rc1 Rxd6 41. Qxh5 Rd8 42. Qf7 Rc8 43. Qe7 Nxc5 44. Ra1 Qb6 0-1

[Event "HUN-chT2 Barcza 1213"]
[Site "Hungary"]
[Date "2013.04.21"]
[Round "11.3"]
[White "Kovacs, Marton"]
[Black "Toth, Levente"]
[Result "1/2-1/2"]
[WhiteElo "2153"]
[BlackElo "2014"]
[PlyCount "81"]
[EventDate "2012.09.16"]
[EventType "team-tourn"]
[EventRounds "11"]
[EventCountry "HUN"]
[SourceTitle "EXT 2014"]
[Source "ChessBase"]
[SourceDate "2013.11.20"]
[SourceVersion "1"]
[SourceVersionDate "2013.11.20"]
[SourceQuality "1"]
[WhiteTeam "Hajduboszormeny"]
[BlackTeam "Piremon"]
[WhiteTeamCountry "HUN"]
[BlackTeamCountry "HUN"]

1. d4 Nf6 2. Nf3 c5 3. c3 d5 4. dxc5 e6 5. b4 a5 6. e3 b6 7. Bb2 bxc5 8. b5 c4 9. a4 Nbd7 10. Be2 Nc5 11. 0-0 Bd6 12. Ba3 0-0 13. Nbd2 Nce4 14. Qc1 Bxa3 15. Qxa3 Qc7 16. Rfd1 Rd8 17. Nxe4 Nxe4 18. Nd2 Nxd2 19. Rxd2 f5 20. Rb1 Rb8 21. Rbd1 Rf8 22. Qc1 Qc5 23. Ra2 e5 24. Qa3 Qxa3 25. Rxa3 Be6 26. f4 e4 27. Ra2 Rb6 28. Rad2 Kf7 29. h3 g6 30. g4 Ke7 31. Kf2 Rg8 32. Rg1 Rbb8 33. Rb2 Rb6 34. gxf5 Bxf5 35. h4 Be6 36. Rg5 h5 37. Rd2 Kf6 38. Rd1 Rh8 39. f5 gxf5 40. Bxh5 Rb7 41. Rh1 1/2-1/2

[Event "HUN-chT2 Barcza 1213"]
[Site "Hungary"]
[Date "2013.03.24"]
[Round "9.4"]
[White "Toth, Levente"]
[Black "Kun, Imre"]
[Result "1-0"]
[WhiteElo "2003"]
[BlackElo "1969"]
[PlyCount "89"]
[EventDate "2012.09.16"]
[EventType "team-tourn"]
[EventRounds "11"]
[EventCountry "HUN"]
[SourceTitle "EXT 2014"]
[Source "ChessBase"]
[SourceDate "2013.11.20"]
[SourceVersion "1"]
[SourceVersionDate "2013.11.20"]
[SourceQuality "1"]
[WhiteTeam "Piremon"]
[BlackTeam "Nadudvar"]
[WhiteTeamCountry "HUN"]
[BlackTeamCountry "HUN"]

1. e4 c6 2. d4 d5 3. e5 Bf5 4. h4 h6 5. g4 Bd7 6. Nd2 e6 7. Nb3 a5 8. a4 Ne7 9. h5 Bc8 10. Bd3 Na6 11. Be3 Qc7 12. Qd2 b6 13. f4 Nb4 14. Be2 Bb7 15. Nf3 Nc8 16. c3 Na6 17. f5 Na7 18. Bd3 c5 19. dxc5 Nxc5 20. Nxc5 bxc5 21. Qf2 Nc6 22. fxe6 fxe6 23. Bg6+ Kd7 24. 0-0-0 Be7 25. Bxc5 Rhf8 26. Bxe7 Nxe7 27. Bd3 Bc6 28. Bc2 Rf4 29. Qe3 Raf8 30. Nd4 Qb7 31. Rhg1 Qa6 32. Qh3 Rf2 33. g5 Nf5 34. Nxf5 exf5 35. gxh6 gxh6 36. e6+ Kxe6 37. Qe3+ Kf7 38. Qxf2 Bd7 39. Qd4 Qc8 40. Qxd5+ Be6 41. Qe5 Rg8 42. Rde1 Rg5 43. Rxg5 hxg5 44. Bxf5 Bxf5 45. Rf1 1-0

[Event "HUN-chT2 Barcza 1011"]
[Site "Hungary"]
[Date "2011.05.01"]
[Round "10.9"]
[White "Toth, Levente"]
[Black "Peczeli, Zoltan"]
[Result "0-1"]
[WhiteElo "1802"]
[BlackElo "1988"]
[PlyCount "56"]
[EventDate "2010.09.12"]
[EventType "team-tourn"]
[EventRounds "11"]
[EventCountry "HUN"]
[SourceTitle "EXT 2012"]
[Source "ChessBase"]
[SourceDate "2011.11.24"]
[SourceVersion "1"]
[SourceVersionDate "2011.11.24"]
[SourceQuality "1"]
[WhiteTeam "DEAC"]
[BlackTeam "Piremon"]
[WhiteTeamCountry "HUN"]
[BlackTeamCountry "HUN"]

1. e4 d6 2. d4 Nf6 3. Nc3 g6 4. f4 Bg7 5. Nf3 0-0 6. Bd3 Nc6 7. Be3 Ng4 8. Bg1 e5 9. d5 Nd4 10. h3 Nh6 11. Nxd4 exd4 12. Ne2 f5 13. Bf2 Qe7 14. exf5 Nxf5 15. Bxf5 Bxf5 16. 0-0 d3 17. cxd3 Qf7 18. Qb3 b6 19. Bd4 Rfe8 20. Bxg7 Qxg7 21. Rfe1 Re3 22. Rad1 Rae8 23. Kf1 Qe7 24. Qc2 Qh4 25. Qd2 Bxh3 26. Ng1 Bxg2+ 27. Kxg2 Rxe1 28. Rxe1 Qxe1 0-1

[Event "HUN-chT U18"]
[Site "Miskolc"]
[Date "2010.11.02"]
[Round "1.16"]
[White "Toth, Levente"]
[Black "Ngo Tan, Don"]
[Result "0-1"]
[WhiteElo "1809"]
[BlackElo "2151"]
[PlyCount "110"]
[EventDate "2010.11.02"]
[EventType "team-swiss"]
[EventRounds "8"]
[EventCountry "HUN"]
[SourceTitle "EXT 2016"]
[Source "ChessBase"]
[SourceDate "2015.10.08"]
[SourceVersion "1"]
[SourceVersionDate "2015.10.08"]
[SourceQuality "1"]

1. e4 c5 2. c3 Nf6 3. e5 Nd5 4. d4 cxd4 5. Nf3 Nc6 6. cxd4 d6 7. Bc4 Nb6 8. Bb5 a6 9. Bxc6+ bxc6 10. Nc3 g6 11. 0-0 Bg7 12. Re1 0-0 13. Bg5 f6 14. exd6 exd6 15. Bf4 d5 16. Rc1 Bg4 17. h3 Bxf3 18. Qxf3 Qd7 19. Qd3 a5 20. Re2 g5 21. Bg3 f5 22. Be5 f4 23. Bxg7 Kxg7 24. Rce1 Rf7 25. Qf3 Rg8 26. Re6 Kh8 27. Qe2 Nc4 28. Na4 Rfg7 29. Re7 Rxe7 30. Qxe7 Qxe7 31. Rxe7 g4 32. hxg4 Rxg4 33. f3 Rg6 34. Rf7 Ne3 35. Rxf4 Rxg2+ 36. Kh1 Rd2 37. Rf8+ Kg7 38. Ra8 Rxd4 39. Rxa5 Kg6 40. Kg1 Rd2 41. Rc5 Kg5 42. Rxc6 Kf4 43. Rc7 h5 44. Rf7+ Kg3 45. Rg7+ Kxf3 46. Rh7 Kg3 47. Rg7+ Ng4 48. Kf1 h4 49. Nc3 Rxb2 50. Nxd5 h3 51. Nf6 Rf2+ 52. Ke1 Rxf6 53. Rh7 Rh6 54. Rc7 h2 55. Rc3+ Kh4 0-1

[Event "HUN-chT U18"]
[Site "Miskolc"]
[Date "2009.10.29"]
[Round "7.20"]
[White "Toth, Levente"]
[Black "Kovacs, Apollon"]
[Result "0-1"]
[WhiteElo "1625"]
[BlackElo "1642"]
[PlyCount "98"]
[EventDate "2009.10.26"]
[EventType "team-swiss"]
[EventRounds "8"]
[EventCountry "HUN"]
[SourceTitle "EXT 2016"]
[Source "ChessBase"]
[SourceDate "2015.10.08"]
[SourceVersion "1"]
[SourceVersionDate "2015.10.08"]
[SourceQuality "1"]

1. e4 e5 2. Nf3 Nc6 3. Bb5 a6 4. Bxc6 dxc6 5. Nc3 Qf6 6. h3 Bc5 7. d3 h6 8. Qe2 Bd7 9. Be3 Bxe3 10. Qxe3 Ne7 11. d4 exd4 12. Qxd4 Qxd4 13. Nxd4 0-0-0 14. 0-0-0 Ng6 15. Nde2 Rhe8 16. f3 Be6 17. Nd4 Re7 18. Nxe6 Rxe6 19. Rxd8+ Kxd8 20. Rd1+ Rd6 21. g3 f6 22. f4 Kd7 23. Rd2 Nf8 24. Na4 b6 25. Rxd6+ Kxd6 26. Kd2 Ke6 27. Ke3 Nd7 28. Kd4 c5+ 29. Ke3 g6 30. Nc3 c6 31. Ne2 b5 32. Ng1 Nb6 33. b3 c4 34. b4 f5 35. Ne2 fxe4 36. Kxe4 Nd5 37. c3 Nf6+ 38. Kd4 Kd6 39. g4 h5 40. gxh5 Nxh5 41. Ke4 c5 42. a3 Nf6+ 43. Ke3 Kc6 44. Kd2 cxb4 45. cxb4 Kd5 46. Ng3 Ne4+ 47. Nxe4 Kxe4 48. Ke2 Kxf4 49. Kf2 Kg5 0-1

[Event "HUN-chT U18"]
[Site "Miskolc"]
[Date "2009.10.27"]
[Round "3.22"]
[White "Toth, Levente"]
[Black "Markos, Adam"]
[Result "1/2-1/2"]
[WhiteElo "1625"]
[BlackElo "1891"]
[PlyCount "55"]
[EventDate "2009.10.26"]
[EventType "team-swiss"]
[EventRounds "8"]
[EventCountry "HUN"]
[SourceTitle "EXT 2016"]
[Source "ChessBase"]
[SourceDate "2015.10.08"]
[SourceVersion "1"]
[SourceVersionDate "2015.10.08"]
[SourceQuality "1"]

1. e4 e6 2. d4 d5 3. exd5 exd5 4. Bd3 Nf6 5. c3 Be7 6. h3 0-0 7. Qf3 Re8 8. Ne2 c5 9. 0-0 Nc6 10. dxc5 Bxc5 11. Bg5 Ne5 12. Qg3 Nxd3 13. Qxd3 Qb6 14. b4 Bxf2+ 15. Rxf2 Ne4 16. Be3 Nxf2 17. Bxf2 Qe6 18. Nd4 Qe4 19. Qxe4 dxe4 20. Be3 Be6 21. Nxe6 Rxe6 22. Na3 Rd8 23. Nc2 Rd3 24. Bd4 f5 25. Rf1 e3 26. Nxe3 Rexe3 27. Bxe3 Rxe3 28. Rxf5 1/2-1/2

[Event "HUN-chT U18"]
[Site "Miskolc"]
[Date "2008.10.30"]
[Round "7.17"]
[White "Toth, Levente"]
[Black "Kiraly, Zoltan"]
[Result "0-1"]
[WhiteElo "1545"]
[BlackElo "1825"]
[PlyCount "98"]
[EventDate "2008.10.27"]
[EventType "team-swiss"]
[EventRounds "8"]
[EventCountry "HUN"]
[SourceTitle "EXT 2016"]
[Source "ChessBase"]
[SourceDate "2015.10.08"]
[SourceVersion "1"]
[SourceVersionDate "2015.10.08"]
[SourceQuality "1"]

1. e4 g6 2. d4 Bg7 3. f4 d6 4. Nf3 Nf6 5. Nc3 0-0 6. Bc4 b6 7. 0-0 Bb7 8. Qd3 e6 9. Bd2 d5 10. exd5 Nxd5 11. Nxd5 Bxd5 12. Bxd5 Qxd5 13. a3 Rd8 14. Be3 Nd7 15. Rad1 Rac8 16. c3 c5 17. dxc5 Qxd3 18. Rxd3 Nxc5 19. Rxd8+ Rxd8 20. Bxc5 bxc5 21. Re1 Rb8 22. Re2 Kf8 23. Kf2 h6 24. Ne5 Bxe5 25. fxe5 Rd8 26. Ke1 Rd5 27. Kf2 Ke7 28. Kf3 Kd7 29. Re3 Kc6 30. b4 Kb5 31. Ke2 Kc4 32. g3 Kb3 33. h3 c4 34. h4 Kxa3 35. Re4 Kb3 36. Re3 Kc2 37. g4 Rd3 38. Re4 Kxc3 39. b5 Rd5 40. Re3+ Kd4 41. Rf3 Rxe5+ 42. Kd2 f5 43. Rf4+ Re4 44. Rxe4+ fxe4 45. Kc2 e3 46. Kd1 Kd3 47. Ke1 c3 48. Kd1 e2+ 49. Ke1 Ke3 0-1